Datum a čas kvízu
27.5
Celkem bodů
Celkový počet nahraných bodů na tomto kvízu bez doplňovacích otázek.
4.
Pořadí na kvízu
Konečné umístění týmu na tomto kvízu.
Zaznamenané odpovědi
| # | Otázka | Odpověď | Body | Výsledky |
|---|---|---|---|---|
| 1. | Šéf Generální inspekce bezpečn... | 1 | ||
| 2. | Archeologové našli na německém... | 1 | ||
| 3. | Pořadatelé karlovarského filmo... | 0 | ||
| 4. | Minulý týden oslavila kulaté 7... | 1 | ||
| 5. | Kuriózní scéna se odehrála v p... | 0 | ||
| 6. | Jak se jmenuje festival dokume... | 1 | ||
| 7. | Velký úspěch minulý rok zaznam... | 0 | ||
| 8. | Olga Sommerová je od roku 2014... | 0 | ||
| 9. | Režisérka Helena Třeštíková na... | 0 | ||
| 10. | Seřaďte tyto dokumenty podle j... | 0 |